Gaming Quiz

Random Gaming or Console Quiz

Video Game Consoles Quiz Stats

 Plays Quiz not verified by Sporcle

Score 0/57 Timer 10:00
0 Plays Today
Hint Answer % Correct
NES
90%
Play Station 1
90%
Play Station 2
80%
Play Station 3
80%
Play Station 4
80%
Xbox
80%
Xbox 360
80%
SNES
70%
Game Boy
70%
Wii
70%
Xbox One
70%
Nintendo DS
60%
Nintendo 64
50%
GameCube
50%
Game Boy Advance
50%
Wii U
50%
Nintendo Switch
50%
Nintendo 3DS
50%
Nintendo 64
50%
Game Boy Color
50%
Sega Saturn
40%
PlayStation Portable
40%
PlayStation Vita
40%
Atari 2600
30%
Master System
30%
Mega Drive
30%
Dreamcast
30%
Neo Geo
20%
Atari Jaguar
20%
Hint Answer % Correct
Virtual Boy
20%
N-Gage
20%
Atari 5200
20%
Virtual Boy
20%
Game Boy Pocket
20%
Atari Lynx
10%
Game Gear
10%
3DO
10%
Sega 32X
10%
Intellivision
10%
Atari 7800
10%
Mega-CD
10%
Neo Geo CD
10%
Atari Lynx
10%
Game Gear
10%
Sega 32X
10%
Genesis Nomad
10%
Amiga CD32
0%
Fairchild Channel F
0%
Magnavox Odyssey
0%
ColecoVision
0%
Atari XEGS
0%
TurboGrafx-16
0%
TurboExpress
0%
FM Towns Marty
0%
PC-FX
0%
Apple Pippin
0%
Game Boy Light
0%

You're not logged in!

Compare scores with friends on all Sporcle quizzes.
OR
Log In

You Might Also Like...

Show Comments

Extras

Created Mar 4, 2019ReportNominate
Tags:Console Quiz, video

Top Quizzes Today


Score Distribution

Your Account Isn't Verified!

In order to create a playlist on Sporcle, you need to verify the email address you used during registration. Go to your Sporcle Settings to finish the process.

Report this User

Report this user for behavior that violates our Community Guidelines.

Details: